000 00347nam a2200133Ia 4500
005 20251222143132.0
008 251222s9999||||xx |||||||||||||| ||spa||
020 _a9972-51-118-9
082 _a371.358.5/T81
100 _aTrinidad, Rocío
245 0 _aEntre la Ilusión y la Realidad:
264 _bInstituto de Estudios Peruanos
942 _cLIB
999 _c11958
_d11958